000
00291nam a22001337a 4500
008
170412b xxu||||| |||| 00| 0 eng d
020
_a
9780757508097
041
_a
eng
080
_2
4 ED
_a
618
100
_a
10
101
_a
SHM
245
_a
WOMENS HEALTH
_c
WORCESTER.N
942
_2
udc
_c
BK
999
_c
10510
_d
10510